|
|
|
|
| LEADER |
02377nam a22004335i 4500 |
| 001 |
978-3-8349-3630-1 |
| 003 |
DE-He213 |
| 005 |
20151204172816.0 |
| 007 |
cr nn 008mamaa |
| 008 |
120416s2012 gw | s |||| 0|eng d |
| 020 |
|
|
|a 9783834936301
|9 978-3-8349-3630-1
|
| 024 |
7 |
|
|a 10.1007/978-3-8349-3630-1
|2 doi
|
| 040 |
|
|
|d GrThAP
|
| 050 |
|
4 |
|a HD28-70
|
| 072 |
|
7 |
|a KJC
|2 bicssc
|
| 072 |
|
7 |
|a BUS041000
|2 bisacsh
|
| 082 |
0 |
4 |
|a 658.4092
|2 23
|
| 100 |
1 |
|
|a Kortmann, Sebastian.
|e author.
|
| 245 |
1 |
4 |
|a The Relationship between Organizational Structure and Organizational Ambidexterity
|h [electronic resource] :
|b A Comparison between Manufacturing and Service Firms /
|c by Sebastian Kortmann.
|
| 264 |
|
1 |
|a Wiesbaden :
|b Gabler Verlag,
|c 2012.
|
| 300 |
|
|
|a XV, 167 p.
|b online resource.
|
| 336 |
|
|
|a text
|b txt
|2 rdacontent
|
| 337 |
|
|
|a computer
|b c
|2 rdamedia
|
| 338 |
|
|
|a online resource
|b cr
|2 rdacarrier
|
| 347 |
|
|
|a text file
|b PDF
|2 rda
|
| 490 |
1 |
|
|a Betriebswirtschaftliche Studien in forschungsintensiven Industrien
|
| 505 |
0 |
|
|a Organizational Structure -- Organizational Ambidexterity -- Dynamic Capabilities -- Contingency Theory -- Manufacturing vs. Service Firms.
|
| 520 |
|
|
|a Sustainable competitive advantage is dependent on a firm’s ability to simultaneously balance different activities in a trade-off situation. This capability is referred to as organizational ambidexterity and may comprise various paradoxical activities, such as exploration and exploitation. To enhance the current understanding of organizational ambidexterity and how it can be realized, Sebastian Kortmann provides at least three important contributions. Apart from the development of a theoretical framework for ambidexterity, the study uncovers which structural mechanisms support ambidextrous behavior and the extent to which these relationships are dependent on firm type.
|
| 650 |
|
0 |
|a Business.
|
| 650 |
|
0 |
|a Leadership.
|
| 650 |
1 |
4 |
|a Business and Management.
|
| 650 |
2 |
4 |
|a Business Strategy/Leadership.
|
| 710 |
2 |
|
|a SpringerLink (Online service)
|
| 773 |
0 |
|
|t Springer eBooks
|
| 776 |
0 |
8 |
|i Printed edition:
|z 9783834936295
|
| 830 |
|
0 |
|a Betriebswirtschaftliche Studien in forschungsintensiven Industrien
|
| 856 |
4 |
0 |
|u http://dx.doi.org/10.1007/978-3-8349-3630-1
|z Full Text via HEAL-Link
|
| 912 |
|
|
|a ZDB-2-SBE
|
| 950 |
|
|
|a Business and Economics (Springer-11643)
|